| Tag |
First Indicator |
Second Indicator |
Subfields |
| LEADER |
00000cam a2200000 i 4500 |
| 001 |
in00001108939 |
| 005 |
20150930061319.0 |
| 008 |
750520s1973 cau 000 0 eng |
| 010 |
|
|
|a 75304296
|
| 035 |
|
|
|a (OCoLC)01445701
|
| 035 |
|
|
|9 AFU9538AM
|
| 040 |
|
|
|a DLC
|c DLC
|d m.c.
|d TXA
|d UtOrBLW
|
| 049 |
|
|
|a TXAM
|
| 050 |
0 |
0 |
|a AS36
|b .R28 no. 5090
|a JX1974.7
|
| 082 |
0 |
|
|a 081 s
|a 327/.174
|
| 090 |
|
|
|a AS36
|b .R28 P-5090
|
| 100 |
1 |
|
|a Cohen, S. T.
|
| 245 |
1 |
0 |
|a Moving in SALT outside of SALT /
|c S. T. Cohen.
|
| 264 |
|
1 |
|a Santa Monica :
|b Rand,
|c [1973]
|
| 300 |
|
|
|a 7 pages ;
|c 29 cm.
|
| 336 |
|
|
|a text
|b txt
|2 rdacontent
|
| 337 |
|
|
|a unmediated
|b n
|2 rdamedia
|
| 338 |
|
|
|a volume
|b nc
|2 rdacarrier
|
| 500 |
|
|
|a Cover title.
|
| 500 |
|
|
|a "P-5090."
|
| 500 |
|
|
|a "September 1973."
|
| 650 |
|
0 |
|a Nuclear arms control.
|
| 710 |
2 |
|
|a Rand Corporation.
|
| 999 |
|
|
|a MARS
|
| 999 |
f |
f |
|s b4812d76-dfa0-3a77-90d7-0c0b945feaf3
|i 1938fe5a-3f72-3b5f-8d03-a533cb4f5854
|t 0
|
| 952 |
f |
f |
|p ric
|a Texas A&M University
|b Rellis Campus
|c Joint Library Facility
|d Remote Storage
|t 0
|e AS36 .R28 P-5090
|h Library of Congress classification
|i unmediated -- volume
|m A14817025571
|
| 998 |
f |
f |
|a AS36 .R28 P-5090
|t 0
|l Remote Storage
|